A estribor, la Costa blanca (Record no. 70002)

MARC details
000 -LEADER
campo de control de longitud fija 00579nam a2200181 i 4500
001 - NÚMERO DE CONTROL
campo de control 70002
003 - IDENTIFICADOR DE NÚMERO DE CONTROL
campo de control ES-MaACL
005 - FECHA Y HORA DE LA ÚLTIMA TRANSACCIÓN
campo de control 20230906170703.0
007 - CAMPO FIJO DE DESCRIPCIÓN FÍSICA--INFORMACIÓN GENERAL
campo de control de longitud fija t|
008 - DATOS DE LONGITUD FIJA--INFORMACIÓN GENERAL
campo de control de longitud fija 040714s1967 sp ||||1| spa d
100 1# - ENTRADA PRINCIPAL--NOMBRE DE PERSONA
Nombre de persona Pgarcía.
9 (RLIN) 91645
245 10 - MENCIÓN DEL TÍTULO
Título A estribor, la Costa blanca
Resto del título : (literatura de cabotaje) /
Mención de responsabilidad, etc. José García Martínez, Baldo Ferrer, Tomás Lorente.
260 ## - PUBLICACIÓN, DISTRIBUCIÓN, ETC.
Lugar de publicación, distribución, etc. [Murcia :
Nombre del editor, distribuidor, etc. s.n.,
Fecha de publicación, distribución, etc. 1967] (
Fabricante Belmar)
300 ## - DESCRIPCIÓN FÍSICA
Extensión VI, 114 p., 12 lám. ;
Dimensiones 22 cm.
700 1# - ENTRADA AGREGADA--NOMBRE PERSONAL
Nombre de persona Ferrer, Baldo.
9 (RLIN) 50409
700 1# - ENTRADA AGREGADA--NOMBRE PERSONAL
Nombre de persona Lorente, Tomás.
9 (RLIN) 74110
852 ## - LOCALIZACIÓN
Ubicación ES-MaACL
Número de control de estantería C-33047
Sublocalización o colección R.63889
Holdings
Estatus retirado Estado de pérdida Estado de daño No para préstamo Biblioteca de origen Biblioteca actual Ubicación en estantería Fecha de adquisición Fuente de adquisición Total de préstamos Signatura topográfica completa Código de barras Visto por última vez Precio de reemplazo Tipo de ítem Koha
        Biblioteca del Ateneo de Madrid Biblioteca del Ateneo de Madrid Depósito 2 17/01/2008     C-33047 1073304 23/02/2023 23/02/2023 Libro impreso